| 000 | 00405cam a2200145ua 4500 | ||
|---|---|---|---|
| 041 |
_aeng _h |
||
| 082 |
_a616.96 _bHOE/PA |
||
| 100 | _aHoeppli, R . | ||
| 245 |
_aParasites and parasitic infection in early medicine and science / _cR Hoeppli. _hTextual Documents |
||
| 260 |
_a : _bSingapore University of Malaya Press , _c1959. |
||
| 300 | _a549 ; . | ||
| 504 | _a | ||
| 942 | _cBK | ||
| 999 |
_c4599 _d4599 |
||